000 00598nam a2200229Ia 4500
003 OSt
005 20220918201238.0
006 a|||||r|||| 00| 0
007 ta
008 220917b |||||||| |||| 00| 0 eng d
024 _a92,590
037 _cTextual
040 _aARTS
_cARTS
_beng
041 _2eng
_aeng
082 _aV1,d, J8-;1
100 _aReuter Paul
_997644
245 0 _aInternational institutions tr by J M Chapman
260 _aLondon
_bAllen and Unwin
_c1958
650 _aHISTORY
942 _hV1,d, J8-;1
_cTEXL
_2CC
999 _c216241
_d216241